Perfil de los empresarios y resultados de sus empresas (Registro nro. 20883)
[ vista simple ]
| 000 -CABECERA | |
|---|---|
| Longitud fija campo de control | 01524nam a2200397 c 4500 |
| 001 - NÚMERO DE CONTROL | |
| Número de control | 20883 |
| 003 - IDENTIFICADOR DE NÚMERO DE CONTROL | |
| Identificador del número de control | ES-MaCES |
| 005 - FECHA Y HORA DE LA ÚLTIMA TRANSACCIÓN | |
| Fecha y hora de la última transacción | 20160310133436.0 |
| 007 - PHYSICAL DESCRIPTION FIXED FIELD--GENERAL INFORMAT | |
| Campo fijo de descripción física | cr ||||||||||| |
| 008 - CAMPO FIJO DE DESCRIPCIÓN FIJA--INFORMACIÓN GENERAL | |
| Códigos de información de longitud fija | 080221s2007 sp d r o000 | spa d |
| 035 ## - NÚMERO DE CONTROL DEL SISTEMA | |
| Número de control del sistema | CES20080001124m |
| 040 ## - FUENTE DE CATALOGACIÓN | |
| Centro catalogador de origen | ES-MaCES |
| Lengua de catalogación | spa |
| Centro transcriptor | ES-MaCES |
| 041 0# - CÓDIGO DE IDIOMA | |
| Código de lengua del texto;banda sonora o título independiente | spa |
| -- | eng |
| 245 00 - MENCIÓN DE TÍTULO | |
| Título | Perfil de los empresarios y resultados de sus empresas |
| Medio | Recurso electrónico |
| Mención de responsabilidad, etc. | Antonio Garcia Tabuenca ... [et al.] |
| 260 ## - PUBLICACIÓN, DISTRIBUCIÓN, ETC (PIE DE IMPRENTA) | |
| Lugar de publicación, distribución, etc. | Alcalá de Henares |
| Nombre del editor, distribuidor, etc. | SERVILAB, Instituto Universitario de Análisis Económico y Social |
| Fecha de publicación, distribución, etc. | 2007 |
| 300 ## - DESCRIPCIÓN FÍSICA | |
| Extensión | 1 documento pdf |
| Dimensiones | (860 kb) |
| 490 1# - MENCIÓN DE SERIE | |
| Mención de serie | Documentos de trabajo |
| Designación de volumen o secuencia | 05/2007 |
| 500 ## - NOTA GENERAL | |
| Nota general | Resumen en español e inglés |
| 541 ## - NOTA DE LA FUENTE INMEDIANTE DE ADQUISICIÓN | |
| Forma de adquisición | Gratuito |
| 650 #4 - ASIENTO SECUNDARIO DE MATERIA--TÉRMINO DE MATERIA | |
| Término de materia o nombre geográfico como elemento inicial | empresario |
| 9 (RLIN) | 28188 |
| 650 #4 - ASIENTO SECUNDARIO DE MATERIA--TÉRMINO DE MATERIA | |
| Término de materia o nombre geográfico como elemento inicial | capacidad empresarial |
| 9 (RLIN) | 30588 |
| 650 #4 - ASIENTO SECUNDARIO DE MATERIA--TÉRMINO DE MATERIA | |
| Término de materia o nombre geográfico como elemento inicial | volumen de negocios |
| 9 (RLIN) | 27931 |
| 650 #4 - ASIENTO SECUNDARIO DE MATERIA--TÉRMINO DE MATERIA | |
| Término de materia o nombre geográfico como elemento inicial | eficiencia |
| 9 (RLIN) | 28258 |
| 650 #4 - ASIENTO SECUNDARIO DE MATERIA--TÉRMINO DE MATERIA | |
| Término de materia o nombre geográfico como elemento inicial | España |
| 9 (RLIN) | 26964 |
| 650 #4 - ASIENTO SECUNDARIO DE MATERIA--TÉRMINO DE MATERIA | |
| Término de materia o nombre geográfico como elemento inicial | 1997-2004 |
| 9 (RLIN) | 31922 |
| 650 #4 - ASIENTO SECUNDARIO DE MATERIA--TÉRMINO DE MATERIA | |
| Término de materia o nombre geográfico como elemento inicial | cuadros estadísticos |
| 9 (RLIN) | 28890 |
| 653 10 - TÉRMINO DE INDEXACIÓN--NO CONTROLADO | |
| Término no controlado | Empresa |
| 650 #4 - ASIENTO SECUNDARIO DE MATERIA--TÉRMINO DE MATERIA | |
| 9 (RLIN) | 28178 |
| Término de materia o nombre geográfico como elemento inicial | empresa |
| 700 1# - ENCABEZAMIENTO SECUNDARIO--NOMBRE PERSONAL | |
| Nombre de persona | García Tabuenca, Antonio |
| 9 (RLIN) | 13083 |
| 710 2# - ENCABEZAMIENTO SECUNDARIO--NOMBRE CORPORATIVO | |
| 9 (RLIN) | 5244 |
| Nombre de entidad o nombre de jurisdicción como elemento inicial | Universidad de Alcalá de Henares |
| Unidad subordinada | Instituto de Análisis Económico y Social |
| Término indicativo de función | ed. |
| 830 #0 - ENCABEZAMIENTO SECUNDARIO DE COLECCIÓN--TÍTULO UNIFORME | |
| Título uniforme | Documentos de trabajo (Universidad de Alcalá de Henares. Instituto de Análisis Económico y Social) |
| Designación de volumen o secuencia | 05/2007 |
| 9 (RLIN) | 34335 |
| 856 4# - ACCESO ELECTRÓNICO | |
| Identificador Uniforme del Recurso (URI) | <a href="http://biblioteca.ces.es/repintra/47-24399.pdf">http://biblioteca.ces.es/repintra/47-24399.pdf</a> |
| Texto del enlace | texto completo |
| Nota pública | [intranet] |
| 902 ## - CES. TIPO DE DOCUMENTO | |
| Tipodoc (006$c Sirtex) | ELE PUB. ELECTRONICA |
| 942 ## - ELEMENTOS KOHA | |
| Fuente de clasificaión o esquema | Clasificación propia del CES |
| Koha [por defecto] tipo de item | Monografías |
| Parte de clasificación | 0.0. |
No hay ítems disponibles.
